000 00745nam a22002292 4500
001 0000019971
005 20151217155904.0
008 110405s xx 000 0 eng d
020 _a996685441X :
040 _aKABu
_cKABU
245 1 0 _aLanguage planning for development in Africa /
_cKembo-Sure..... et al (editors)
250 _a1st ed.
260 _aMoi University, Eldoret :
_bMoi university press,
_c2006.
300 _axvi, 165 p.
650 0 _aLanguage planning
_zAfrica.
_@0000179997
650 0 _aLanguage policy
_zAfrica.
_@0000179998
700 1 _aMwangi, Sera.
_@0000179999
700 1 _aOgechi, Nathan O.
_@0000180000
852 1 _9p600 KES
908 _a110405
950 _@1
999 _c13744
_d13744